| 000 | 00537nam a2200157 i 4500 | ||
|---|---|---|---|
| 001 | 183741 | ||
| 003 | ES-MaACL | ||
| 005 | 20230906221948.0 | ||
| 008 | 141008s1842 xxk |||| | eng d | ||
| 110 | 2 |
_aRoyal Medical and Chirurgical Society of London. _9155679 |
|
| 245 | 1 | 0 | _aCharter and bye-laws of The Royal Medical and Chirurgical Society of London. |
| 260 |
_aLondon : _bRichard Kinder, _c1842. |
||
| 300 |
_a31 p. ; _c20 cm. |
||
| 610 | 2 | 4 |
_aRoyal Medical and Chirurgical Society of London. _9155679 |
| 852 | 4 |
_aES-MaACL _jT-16-F-4 |
|
| 999 |
_c183741 _d183741 |
||